00880cam a22002653a 45000010005000000030006000050050017000110080041000280400015000690420007000840500009000911000035001002450083001352600029002185060030002475160020002776530055002976530027003526530025003796530045004046530047004496530049004968300028005458560041005736604PGUSA20140828083134.0041001s2004||||xxu|||||s|||||000 | eng d aPGUSAbeng adc 4aE0111 aGowanlock, Theresa,d1863-189910aTwo Months in the Camp of Big Bearh[electronic resource] /cTheresa Gowanlock bProject Gutenberg,c2004 aPublic domain in the USA. aElectronic text aCree Indians -- Alberta -- History -- 19th century aBig Bear, (Cree chief) aRiel Rebellion, 1885 aDelaney, Theresa, 1849-1913 -- Captivity aGowanlock, Theresa, 1863-1899 -- Captivity aFrog Lake (Alta.) -- History -- 19th century 0aProject Gutenbergv660440uhttp://www.gutenberg.org/ebooks/6604